Social media in international human resource management diplomová práca

Gespeichert in:
Bibliographische Detailangaben
1. Verfasser: Kučera, Maroš
Körperschaft: Ekonomická univerzita v Bratislave. Ústav medzinárodných programov
Weitere Verfasser: Ferenčíková, Soňa, 1960-
Format: Buch
Sprache:Englisch
Veröffentlicht: Bratislava 2014
Tags: Tag hinzufügen
Keine Tags, Fügen Sie das erste Tag hinzu!

MARC

LEADER 00000nbm a2200000 4500
001 0193102
005 20170315090445.5
041 0 |a eng 
044 |a SK 
245 1 0 |a Social media in international human resource management  |b diplomová práca  |c Maroš Kučera ; školiteľ: Soňa Ferenčíková 
264 1 |a Bratislava  |c 2014 
300 |a 92 s. 
100 1 |a Kučera, Maroš 
700 1 |a Ferenčíková, Soňa, 1960- 
710 2 |a Ekonomická univerzita v Bratislave. Ústav medzinárodných programov